000 00573nam a2200193 a 4500
001 000012864
005 20200929163104.0
008 091118s1991 xxu 000 j spa d
020 _z0917040586
040 _aDO-SdBNP
_bspa
_cBNPHU
082 _aCu863.44
_bP349h
100 1 _aPeña, Humberto J.
_929743
245 1 3 _aEl hijo del hijo /
_cHumberto J. Peña.
260 _aMiami, Florida :
_bSaeta Ediciones,
_c1991.
300 _a199 p. ;
_c23 cm.
650 4 _aCuentos cubanos
_91482
650 4 _aLiteratura cubana
_91483
910 _aValidado. Control de calidad BNPHU.
999 _c12512
_d12512